000 00789cam a2200301 4500
008 090401t1994 xxu||||| |||| 00| 0 eng d
020 _a0632036370
035 _a(Sirsi) u33079
041 _aeng
050 _a658.1552
100 _aPilcher, Roy
245 _aProject cost control in construction
250 _a2nd.
260 _aOxford
_bBlackwell Scientific Publications Ltd.
_c1994
300 _axi, 384p. ; 24cm.
350 _a39.5
650 _aCASH FLOW
650 _aCOST CONTROL
650 _aECONOMIC APPRAISAL
650 _aFINANCIAL CONTROL
650 _aINVESTMENT
650 _aPROJECT APPRAISAL
650 _aRISK
690 _aBUILT ENVIRONMENT-BUILDING COSTS
690 _aBUILDING AND CONSTRUCTION-PROJECTS
942 _n0
948 _c04/03/1997
999 _c89776
_d89776